000 00652nam a2200193 a 4500
001 000019316
005 20200929165959.0
008 100624s1987 pr a r 000 p spa d
040 _aDO-SdBNP
_bspa
_cBNPHU
082 _a861.1
_bP744m
245 0 0 _aPoema de Mio Cid /
_ccompilación y crítica Lucila Marrero Aizpurúa.
250 _a1a reimp. de la 1a ed.
260 _aSan Juan, Puerto Rico :
_bCultural Puertorriqueña,
_c1987.
300 _a225 p. :
_bil. ;
_c26 cm.
650 4 _aPoesía española
_xCrítica e interpretación
_94053
650 4 _aLiteratura española
_9632
700 1 _aMarrero Aizpurúa, Lucila,
_ecomp.
_923813
049 _aBNGR
999 _c18833
_d18833